00368pab a2200133 454500008004000000100001600040245004600056260000900102300001300111362001000124650003800134650002800172773003400200180718b2007 xxu||||| |||| 00| 0 eng d aOhm, Britta aNarratives of the underbelly of democracy c2007 ap.26-31. a8 Dec aGujarat - Politics and government aPolitics and government aEconomic and Political Weekly